Movies Quiz

Random Movies or Actor Quiz

SAT Actors & Actresses Quiz Stats

 Plays Quiz not verified by Sporcle

Score 0/25 Timer 05:00
2 Plays Today
% Correct
Leonardo DiCaprio
94.3%
Tom Hanks
94.2%
Bruce Willis
92.9%
Jack Nicholson
92.6%
Will Ferrell
92.4%
Johnny Depp
91.6%
Al Pacino
91.6%
Robert Downey Jr.
91.3%
Sandra Bullock
91.1%
Mike Myers
89.8%
Jodie Foster
89.7%
Nicole Kidman
88.5%
Denzel Washington
88.3%
% Correct
Cameron Diaz
87.7%
Ben Affleck
87.6%
Jeff Bridges
86.7%
Natalie Portman
86.1%
Ben Stiller
85.8%
Robert De Niro
85.4%
Kristen Stewart
83.3%
George Clooney
83.1%
Eddie Murphy
81%
Justin Timberlake
79.5%
Charlize Theron
79.3%
Anna Kendrick
65.9%

You're not logged in!

Compare scores with friends on all Sporcle quizzes.
OR
Log In

Show Comments

Extras

Top Quizzes Today


Score Distribution

Your Account Isn't Verified!

In order to create a playlist on Sporcle, you need to verify the email address you used during registration. Go to your Sporcle Settings to finish the process.

Report this User

Report this user for behavior that violates our Community Guidelines.

Details: